Divadelné rozpomienky Nade Hejnej - Pietrovej

Bibliographic Details
Main Author: Hejná, Naďa, 1906-1994 (Author)
Format: Article
Language:Slovak
Subjects:

MARC

LEADER 00000nab a2200000 a 4500
001 vtls000005742
003 SK-MaSNL
005 20260304071035.0
008 250422c1978 xo 0 slo
015 |a SNBRB19rr/mm-uuuuu 
035 |a CL0015835 
035 |a urn:nbn:sk:snk-abdjki 
035 |a (urnnbn)urn:nbn:sk:snk:ar-0011ip 
035 |a (uuid)e7fc4ce7-c4b4-4f09-96f7-c7fa89ad6ef0 
040 |a SNKBUCL  |b slo  |c SNKBUCL  |e AACR2 
041 0 |a slo 
044 |a xo  |c SK 
080 |a 792  |2 1981 
080 |a 92 Hejná, Naďa  |2 1981 
100 1 |a Hejná, Naďa,  |d 1906-1994  |4 aut  |9 38399 
245 1 0 |a Divadelné rozpomienky Nade Hejnej - Pietrovej  |c Naďa Hejná 
600 1 7 |a Hejná, Naďa,  |d 1906-1994  |2 snkbucl  |9 38399 
655 7 |a články z novín a časopisov  |2 snkbucl  |9 267496 
773 0 |t Javisko  |g Roč. 10, č. 7 (1978), s. 197-198 
850 |a Slovenská národná knižnica 
852 |a Slovenská národná knižnica 
954 |a odborná, vedecká literatúra pôvodná (slovenská)  |2 lita 
958 |a article19 
958 |a OND 
958 |a BX 
958 |a EUIPO 
992 |a RBX 
999 |c 2758613  |d 2760543